Wet coastal ecosystems (Record no. 27619)

MARC details
000 -LEADER
fixed length control field 00338nam a2200133Ia 4500
082 ## - DEWEY DECIMAL CLASSIFICATION NUMBER
Classification number 574
Item number CHA
245 #0 - TITLE STATEMENT
Title Wet coastal ecosystems
260 ## - PUBLICATION, DISTRIBUTION, ETC. (IMPRINT)
Place of publication Amsterdam
Name of publisher Elsevier
Year of publication 1977
490 ## - SERIES STATEMENT
Series statement Ecosystems of the world;1
650 ## - SUBJECT ADDED ENTRY--TOPICAL TERM
Topical Term Coastal ecosystem
700 ## - ADDED ENTRY--PERSONAL NAME
Personal name CHAPMAN, V J
942 ## - ADDED ENTRY ELEMENTS (KOHA)
Koha item type Books
Holdings
Withdrawn status Lost status Damaged status Not for loan Home library Current library Date acquired Full call number Accession Number Koha item type
        RRII Library RRII Library 16/12/2021 574 CHA 08236 Books